000 00578nam a2200229Ia 4500
003 OSt
005 20220918192657.0
006 a|||||r|||| 00| 0
007 ta
008 220917b |||||||| |||| 00| 0 eng d
024 _a69,577
037 _cTextual
040 _aARTS
_cARTS
_beng
041 _2eng
_aeng
082 _aQ4z7, E4 (Q4)
100 _aWoodward F L
_974274
245 0 _aPictures of Buddhist Ceylon and other papers
260 _c1914
650 _aRELIGION
942 _hQ4z7, E4 (Q4)
_cTEXL
_2CC
999 _c195719
_d195719